Management and maintenance of common property (Record no. 108321)

MARC details
000 -LEADER
fixed length control field 01866cad a22002415a 4500
001 - CONTROL NUMBER
control field E143939
008 - FIXED-LENGTH DATA ELEMENTS--GENERAL INFORMATION
fixed length control field 080609s2005 xxk f 000 0 eng d
020 ## - INTERNATIONAL STANDARD BOOK NUMBER
International Standard Book Number 0755944402
035 ## - SYSTEM CONTROL NUMBER
System control number (Sirsi) u143939
041 0# - LANGUAGE CODE
Language code of text/sound track or separate title eng
050 04 - LIBRARY OF CONGRESS CALL NUMBER
Classification number 333.1 $2 18
110 2# - MAIN ENTRY--CORPORATE NAME
Corporate name or jurisdiction name as entry element Scotland
Subordinate unit Scottish Executive
9 (RLIN) 4769
245 00 - TITLE STATEMENT
Title Management and maintenance of common property
Remainder of title guidance on the Tenements (Scotland) Act 2004 and the Title Conditions (Scotland) Act 2003 for housing professionals
Medium [electronic resource]
260 ## - PUBLICATION, DISTRIBUTION, ETC.
Place of publication, distribution, etc. Edinburgh
Name of publisher, distributor, etc. Scottish Executive
Date of publication, distribution, etc. 2005
300 ## - PHYSICAL DESCRIPTION
Extent ii. 32p.
Dimensions 30cm.
505 2# - FORMATTED CONTENTS NOTE
Formatted contents note Introduction -- Principles behind the Tenements Act -- Ownership of a tenement -- What happens if the title deeds are incomplete or unworkable? -- References to rateable value and feu duty -- Resolution of disputes -- Common interest: obligations in relation to parts of the tenement which provide support and shelter -- What happens when one of the flats is sold in the middle of repairs? -- Contacting absentee owners -- Access for repairs, etc and installation of service pipes -- Insurance -- Property managers and factors -- Owners' associations -- Registration and title deeds -- Demolition and abandonment of renement buildings -- The Tenement Management Scheme
520 ## - SUMMARY, ETC.
Summary, etc. Provides guidance for professionals involved in advising the owners of tenement flats. Emphasises the importance of referring to the title deeds of the property for information on management, and describes what to do if the title deeds are silent on these matters or are defective.
521 ## - TARGET AUDIENCE NOTE
Target audience note Introductory
651 #4 - SUBJECT ADDED ENTRY--GEOGRAPHIC NAME
Geographic name Scotland
Chronological subdivision 1999-
690 ## - LOCAL SUBJECT ADDED ENTRY--TOPICAL TERM (OCLC, RLIN)
Topical term or geographic name as entry element PROPERTY-RESIDENTIAL PROPERTY-DOMESTIC RESIDENTIAL PROPERTY-HOUSING-FLATS
856 41 - ELECTRONIC LOCATION AND ACCESS
Uniform Resource Identifier <a href="https://www.scotland.gov.uk/Publications/2005/11/2194749/47506">https://www.scotland.gov.uk/Publications/2005/11/2194749/47506</a>
Public note View the guidance free of charge at www.scotland.gov.uk...
942 ## - ADDED ENTRY ELEMENTS (KOHA)
Suppress in OPAC 0
Holdings
Withdrawn status Lost status Source of classification or shelving scheme Damaged status Not for loan Home library Current library Shelving location Date acquired Total Checkouts Full call number Barcode Date last seen Copy number Price effective from Koha item type
    Dewey Decimal Classification     Virtual Virtual Online 09/06/2008   ONLINE PUBLICATION 143939-2001 06/08/2019 1 06/08/2019 Book